Sports Quiz

Random Sports or WWE Quiz

ALL WWE Sunday Night Heat Title Changes Quiz Stats

Quiz not verified by Sporcle

Challenge
Share
Tweet
Embed
Score 0/8 Timer 01:00
0 Plays Today
Date Wrestler % Correct
Jan. 26, 1999The Rock
94.1%
Jan. 26, 1999Mankind
90.8%
Feb. 8, 2000Gillberg
68.9%
March 13, 2001Dean Malenko
65.9%
Feb. 8, 2000Essa Rios
63.6%
April 29, 2001Jerry Lynn
52.7%
April 29, 2001Crash Holly
46.7%
March 13, 2001Crash Holly
45.1%

You're not logged in!

Compare scores with friends on all Sporcle quizzes.
Sign Up with Email
OR
Log In

You Might Also Like...

Show Comments

Extras

Top Quizzes Today


Score Distribution

Your Account Isn't Verified!

In order to create a playlist on Sporcle, you need to verify the email address you used during registration. Go to your Sporcle Settings to finish the process.